Từ điển Anh - Anh - Việt ( Khoảng 220.000 từ và 5.000 hình ảnh minh họa ) = English - English - Vietnamese dictionary

Gorde:
Xehetasun bibliografikoak
Erakunde egilea: New Era
Formatua: Liburua
Hizkuntza:Undetermined
Argitaratua: Hà Nội Văn hóa Thông tin 2006
Gaiak:
Etiketak: Etiketa erantsi
Etiketarik gabe, Izan zaitez lehena erregistro honi etiketa jartzen!
Thư viện lưu trữ: Trung tâm Học liệu Trường Đại học Cần Thơ
LEADER 00702nam a2200217Ia 4500
001 CTU_112995
008 210402s9999 xx 000 0 und d
020 |c 130000 
082 |a 423.95922 
082 |b N532 
110 |a New Era 
245 0 |a Từ điển Anh - Anh - Việt ( Khoảng 220.000 từ và 5.000 hình ảnh minh họa ) = 
245 0 |b English - English - Vietnamese dictionary 
245 0 |c New Era 
260 |a Hà Nội 
260 |b Văn hóa Thông tin 
260 |c 2006 
650 |a English language,English language 
650 |x Dictionaries,Vietnamese,Dictionaries,English 
904 |i Minh 
980 |a Trung tâm Học liệu Trường Đại học Cần Thơ